| 000 | 00588nam a2200193 i 4500 | ||
|---|---|---|---|
| 001 | 56649 | ||
| 003 | ES-MaACL | ||
| 005 | 20230906163422.0 | ||
| 007 | t| | ||
| 008 | 031010s1985 sp ||||1| spa d | ||
| 020 | _a84-335-2500-X | ||
| 100 | 1 |
_aDiel, Paul. _944596 |
|
| 245 | 1 | 3 |
_aEl simbolismo en la mitología griega / _cPaul Diel ; traducción de Mario Satz ; [prólogo de Gaston Bachelard]. |
| 260 |
_aBarcelona : _bLabor, _c1985. |
||
| 300 |
_a240 p. ; _c20 cm. |
||
| 700 | 1 |
_aSatz, Mario. _9103952 |
|
| 700 | 1 |
_aBachelard, Gaston. _924466 |
|
| 852 |
_aES-MaACL _jG-2871 _bR.114160 |
||
| 999 |
_c56649 _d56649 |
||